| 000 | 00790nam a22002177a 4500 | ||
|---|---|---|---|
| 999 |
_c15173 _d15173 |
||
| 003 | OSt | ||
| 082 | _2631.587 DEV/GR | ||
| 088 | _aP 298 | ||
| 100 |
_aDEVI KRISHNA J. S _93738 |
||
| 245 | _aDevelopment of ground water flow modelling for Nileshwar basin using visual modflow | ||
| 260 |
_aTavanur 2015 _bDepartment of Irrigation and Drainage Engineering |
||
| 300 | _a49 | ||
| 500 | _aGround water flow modelling for Nileshwar basin using visual modflow | ||
| 520 | _aGround water flow modelling for Nileshwar basin using visual modflow | ||
| 700 |
_aMuhammed Ashik P _93739 |
||
| 700 |
_aNamitha M. R _93740 |
||
| 700 |
_aSreelekshmi H _93741 |
||
| 700 |
_aDr. Sasikala D (Guide) _93514 |
||
| 856 | _uhttps://drive.google.com/open?id=1D8E5Vp1Iq3xOryW9MzmVFNcN4LWbrgEi | ||
| 942 | _cPR | ||